000 00725nam a22002417a 4500
003 UA-OsUOA
001 50616
007 ta
008 20140624b un ||||| |||| 00| 0 ukr d
100 _aЛупандін О.І.
090 _a94(477).06
_bЛ85
942 _cBR
040 _aUA-OsUOA
_bukr
_cUA-OsUOA
_dUA-OsUOA
245 _aУкраїнсько-російські мирні переговори 1918 р.
300 _a39 с.
955 _a1
041 _aukr
080 _a94(477).06
260 _aК.
_c1994
650 7 _a9 Географія. Біографії. Історія
_2UDC
999 _c430742
_d430742